000
00299nam a22001337a 4500
008
170216b xxu||||| |||| 00| 0 eng d
020
_a
9780802309150
041
_a
eng
080
_a
61
100
_a
4
101
_a
SHM
245
_a
MAKE YOUR MARK IN HEALTH SERVICE
_c
POGROUND, P
942
_2
udc
_c
BK
999
_c
5662
_d
5662